ბათუმის შოთა რუსთაველის სახელმწიფო უნივერსიტეტის ბიბლიოთეკა

Практикум по численным методам (ბიბ.ჩანაწერი № 48225)

000 -LEADER
fixed length control field 00642nam a2200217Ia 4500
001 - CONTROL NUMBER
control field 15109
003 - CONTROL NUMBER IDENTIFIER
control field GE_BSU
008 - FIXED-LENGTH DATA ELEMENTS--GENERAL INFORMATION
fixed length control field 181216s||||||||xx |||||||||||||| ||und||
040 ## - CATALOGING SOURCE
Transcribing agency GE_BSU
080 ## - UNIVERSAL DECIMAL CLASSIFICATION NUMBER
Universal Decimal Classification number 519.6(075.32)
100 ## - MAIN ENTRY--PERSONAL NAME
Personal name Воробьева,Г,Н
245 ## - TITLE STATEMENT
Title Практикум по численным методам
245 ## - TITLE STATEMENT
Remainder of title Учеб.пособ. для техникумов
245 ## - TITLE STATEMENT
Statement of responsibility, etc. Ред:А,Н, Данилова
260 ## - PUBLICATION, DISTRIBUTION, ETC.
Place of publication, distribution, etc. Москва
260 ## - PUBLICATION, DISTRIBUTION, ETC.
Name of publisher, distributor, etc. Высшая школа
260 ## - PUBLICATION, DISTRIBUTION, ETC.
Date of publication, distribution, etc. 1979
300 ## - PHYSICAL DESCRIPTION
Extent 184стр, 22см
653 ## - INDEX TERM--UNCONTROLLED
Uncontrolled term Практикум по численным методам
942 ## - ADDED ENTRY ELEMENTS (KOHA)
Koha item type წიგნი
ეგზემპლარები
Withdrawn status Lost status Damaged status Not for loan Date acquired Barcode Date last seen Price effective from Koha item type
        2018-12-17 17998 2018-12-17 2018-12-17 წიგნი